Daitokuji Katsura / (Record no. 34969)

MARC details
000 -LEADER
campo de control de longitud fija 00882nam a2200253 i 4500
001 - NÚMERO DE CONTROL
campo de control 34969
003 - IDENTIFICADOR DE NÚMERO DE CONTROL
campo de control ES-MaACL
005 - FECHA Y HORA DE LA ÚLTIMA TRANSACCIÓN
campo de control 20230906155029.0
007 - CAMPO FIJO DE DESCRIPCIÓN FÍSICA--INFORMACIÓN GENERAL
campo de control de longitud fija t|
008 - DATOS DE LONGITUD FIJA--INFORMACIÓN GENERAL
campo de control de longitud fija 030211s1970 sp ||||1| spa d
080 ## - NÚMERO DE LA CLASIFICACIÓN DECIMAL UNIVERSAL
Número de la Clasificación Decimal Universal 726.77(521.73)
100 0# - ENTRADA PRINCIPAL--NOMBRE DE PERSONA
Nombre de persona Futagawa, Yukio.
9 (RLIN) 53098
245 10 - MENCIÓN DEL TÍTULO
Título Daitokuji Katsura /
Mención de responsabilidad, etc. texto: Maria Luisa Borras ; fotos: Jukio Futagawa ; selección y secuencia: J. Prats Vall.
260 ## - PUBLICACIÓN, DISTRIBUCIÓN, ETC.
Lugar de publicación, distribución, etc. [Barcelona :
Nombre del editor, distribuidor, etc. Polígrafa,
Fecha de publicación, distribución, etc. 1970]
300 ## - DESCRIPCIÓN FÍSICA
Extensión 89 p., 4 h. pleg., 158 lám. ;
Dimensiones 21 cm.
490 1# - MENCIÓN DE SERIE
Mención de serie Colección Fotoscop
594 ## - Nota al título y mención de responsabilidad
Nota al título y mención de responsabilidad Texto en español, frances, inglés y alemán.
650 #4 - PUNTO DE ACCESO ADICIONAL DE MATERIA--TÉRMINO DE MATERIA
Término de materia o nombre geográfico como elemento de entrada Monasterios budistas-
Subdivisión geográfica Japón-
Subdivisión de forma Obras ilustradas.
9 (RLIN) 145853
700 1# - ENTRADA AGREGADA--NOMBRE PERSONAL
Nombre de persona Prats Vallès, Joan.
9 (RLIN) 93709
700 1# - ENTRADA AGREGADA--NOMBRE PERSONAL
Nombre de persona Borràs, Maria Lluïsa.
9 (RLIN) 146592
830 0# - PUNTO DE ACCESO ADICIONAL DE SERIE-TÍTULO UNIFORME
Título uniforme Colección Fotoscop
9 (RLIN) 229523
852 ## - LOCALIZACIÓN
Ubicación ES-MaACL
Número de control de estantería C-49354
Sublocalización o colección R.83265
Holdings
Estatus retirado Estado de pérdida Estado de daño No para préstamo Biblioteca de origen Biblioteca actual Ubicación en estantería Fecha de adquisición Fuente de adquisición Total de préstamos Signatura topográfica completa Código de barras Visto por última vez Precio de reemplazo Tipo de ítem Koha
        Biblioteca del Ateneo de Madrid Biblioteca del Ateneo de Madrid Depósito 2 17/01/2008     C-49354 1036532 23/02/2023 23/02/2023 Libro impreso